Regelfragen Schiedsrichter-Zeitung - 02/2025 - Statistiken

Allgemein
  • Dieses Quiz wurde 26 mal gespielt
  • Das Durchschnittsergebnis liegt bei 4 aus 30
Antwortstatistiken
Hint Antwort % Korrekt
Ein Auswechselspieler des Heimvereins versetzt einem gegnerischen Spieler, der nach einer Behandlung auf seinen Wiedereintritt wartet, einen heftigen Tritt. Der Schiedsrichter unterbricht das Spiel. Welche Strafen muss er nun aussprechen? Direkter Freistoß
35%
Nach einem rücksichtslosen Tritt entscheidet der Schiedsrichter auf Vorteil, da die Mannschaft in Ballbesitzbleibt und einen aussichtsreichen Angriff bis zum Torabschluss fortsetzen kann. Wie entscheidet der Schiedsrichter nach der nächsten Spielunterbrechung bezüglich der Persönlichen Strafe? Verwarnung
29%
Ein Angreifer verlässt das Spielfeld über die Torlinie, um sich der Abseitsposition zu ent-ziehen. Als der Ball von einem Verteidiger unter kontrollierten Bedingungen zu einem Mitspieler gespielt wird, läuft der Angreifer wieder auf das Spielfeld und spielt den Ball mit dem Fuß. Wie entscheidet der Schieds-richter? Direkter Freistoß
24%
Ein Angreifer verlässt das Spielfeld über die Torlinie, um sich der Abseitsposition zu entziehen. Als der Ball von einem Verteidiger unter kontrollierten Bedingungen zu einem Mitspieler gespielt wird, läuft der Angreifer wieder auf das Spielfeld und spielt den Ball mit dem Fuß. Wie entscheidet der Schiedsrichter? Verwarnung
24%
Der Schiedsrichter hat wegen eines rücksichtslosen Fouls das Spiel im Mittelfeld unterbrochen und will den schuldigen Spieler verwarnen. Dieser hat sich aber bei der Aktion so schwer verletzt, dass er auf einer Trage vom Spielfeld gebracht werden muss.Wie muss sich der Schiedsrichter jetzt ver-halten? Der Schiedsrichter spricht {den Kapitän} an
18%
Freistoß für die verteidigende Mannschaft im eigenen Strafraum. Der Torhüter trifft den Ball nicht richtig, dennoch bewegt sich dieser circa fünf Meter nach vorne. Als der Kee-per sieht, dass ein Angreifer in seine Richtung läuft und den Ball erreichen und ins leere Tor schießen könnte, schießt der Torhüter den Ball mit dem Fuß weg. Wie entscheidet der Schiedsrichter? Indirekter Freistoß
18%
Ein Spieler wechselt während des laufenden Spiels auf eigene Veranlassung seine Schuhe auf dem Spielfeld. Der Schiedsrichter greift nicht ein. Handelt er richtig und wenn ja, welche Verpflichtung hat der Spieler? Ja
18%
Vor der Ausführung eines Freistoßes an der Mittellinie, nahe der Seitenlinie, stehen drei Auswechselspieler des Gastvereins in der Coachingzone zum Einwechseln bereit. Der Schiedsrichter hörtaus diesem Bereich deutlich eine Beleidigung in seine Richtung, jedoch kann er diese nicht einem der drei Spieler zweifelsfrei zuordnen. Er fragt den danebenstehenden Trainer, der jedoch die Aussage verweigert. Der Schiedsrichter schließt darauf den Trainer mittels Roter Karte aus. Handelt er richtig? Ja
18%
Vor der Ausführung eines Freistoßes an der Mittellinie, nahe der Seitenlinie, stehen drei Auswechselspieler des Gastvereins in der Coachingzone zum Einwechseln bereit. Der Schiedsrichter hörtaus diesem Bereich deutlich eine Beleidigung in seine Richtung, jedoch kann er diese nicht einem der drei Spieler zweifelsfrei zuordnen. Er fragt den danebenstehenden Trainer, der jedoch die Aussage verweigert. Der Schiedsrichter schließt darauf den Trainer mittels Roter Karte aus. Handelt er richtig? Ja
18%
Ein Angreifer läuft mit dem Ball allein in Richtung gegnerisches Tor und hat nur noch den Torhüter vor sich. Ein Verteidiger hält diesen Angreifer etwa zehn Meter außerhalb des Strafraums am Trikot fest. Es gelingt dem Stürmer sich loszureißen, der Schiedsrichter entscheidet auf Vorteil. Nachdem der Angreifer sein Dribbling ca. 15 Meter lang fortgesetzt hat, schießt er den Ball neben das Tor.Wie ist nun zu entscheiden? Abstoß
12%
Freistoß für die verteidigende Mannschaft im eigenen Strafraum. Der Torhüter trifft den Ball nicht richtig, dennoch bewegt sich dieser circa fünf Meter nach vorne. Als der Kee-per sieht, dass ein Angreifer in seine Richtung läuft und den Ball erreichen und ins leere Tor schießen könnte, schießt der Torhüter den Ball mit dem Fuß weg. Wie entscheidet der Schiedsrichter? Feldverweis
12%
Der Schiedsrichter hat wegen eines rücksichtslosen Fouls das Spiel im Mittelfeld unterbrochen und will den schuldigen Spieler verwarnen. Dieser hat sich aber bei der Aktion so schwer verletzt, dass er auf einer Trage vom Spielfeld gebracht werden muss.Wie muss sich der Schiedsrichter jetzt ver-halten? Gelbe Karte
12%
Ein im Torraum im Abseits stehender Spieler lässt den Ball passieren, indem er die Beine öffnet, um so seinem weiter hinten stehenden Mitspieler, der nicht im Abseits steht, den Torschuss zu ermöglichen. Dadurch beeinträchtigt er einen Abwehrspieler, der zu spät kommt und den Ball ins eigene Tor lenkt. Der Torhüter wurde zu keiner Zeit behindert, weder in der Sicht noch durch die Aktion des im Abseits stehenden Spielers.Wie entscheidet der Schiedsrichter? Indirekter Freistoß
12%
Freistoß für die Angreifer am Strafraum-Teilkreis. Nach dem Stellen der Mauer mit drei Verteidigern gibt der Schiedsrichter den Ball mit Pfiff frei. Unmittelbar bevor der Schütze den Ball trifft, läuft ein Angreifer näher als einen Meter zu den Verteidigern in der Mauer. Der Ball wird über das Tor geschos-sen. Wie entscheidet der Schiedsrichter? Indirekter Freistoß
12%
Nach einem rücksichtslosen Tritt entscheidet der Schiedsrichter auf Vorteil, da die Mannschaft in Ballbesitzbleibt und einen aussichtsreichen Angriff bis zum Torabschluss fortsetzen kann. Wie entscheidet der Schiedsrichter nach der nächsten Spielunterbrechung bezüglich der Persönlichen Strafe? Verwarnung
12%
Ein Angreifer läuft mit dem Ball allein in Richtung gegnerisches Tor und hat nur noch den Torhüter vor sich. Ein Verteidiger hält diesen Angreifer etwa zehn Meter außerhalb des Strafraums am Trikot fest. Es gelingt dem Stürmer sich loszureißen, der Schiedsrichter entscheidet auf Vorteil. Nachdem der Angreifer sein Dribbling ca. 15 Meter lang fortgesetzt hat, schießt er den Ball neben das Tor.Wie ist nun zu entscheiden? Verwarnung
12%
Ein Angreifer spielt den Ball flach zu einem20 Meter entfernten Mitspieler, der aber im Abseits steht. Etwa fünf Meter vor diesem steht ein Verteidiger, der den Ball unbedrängt stoppen will. Dies misslingt ihm jedoch, und der Ball springt vom Fuß des Verteidigers zum Abseits stehenden Angreifer. Wie entscheidet der Schiedsrichter? Weiterspielen / kein Abseits
12%
Der Torhüter steht im Torraum neben seinem Torpfosten und will sich den zuvor verlorenen Schienbeinschoner wieder in die Stutzen schieben. Als ein Ball auf das Tor fliegt, streckt der Torhüter den Schienbeinschoner Richtung Ball, um diesen zu erreichen, und lenkt damit den Ball, der ansonsten ins Tor gegangen wäre, ins Toraus. Wie entscheidet der Schiedsrichter? Feldverweis
6%
Einen schwach geschossenen Strafstoß wehrt der Torhüter korrekt nach vorne zu einem Mitspieler des Schützen ab, der den Ball zum Torerfolg verwandeln kann. Weil dieser Spieler aber vor der Ausführung deutlich zu früh in den Strafraum eingedrungen war, erkennt der Schiri den Treffer nicht an.Wie und wo ist das Spiel fortzusetzen? Indirekter Freistoß
6%
Vor der Ausführung eines Strafstoßes ist ein Angreifer im Rücken des Schiedsrichters vor den Ball gelaufen (also näher als 11 Meter zur Torlinie), allerdings befindet er sich noch außerhalb des Strafraums. Der Torhüter wehrt den Ball seitlich ab und dieser gelangt zu dem Spieler, der nun direkt aufs Tor schießt.Der Schiedsrichter-Assistent hat den Vorgang gesehen und hebt die Fahne. Wie entscheidet der Schiedsrichter? Indirekter Freistoß
6%
Ein im Torraum im Abseits stehender Spieler lässt den Ball passieren, indem er die Beine öffnet, um so seinem weiter hinten stehenden Mitspieler, der nicht im Abseits steht, den Torschuss zu ermöglichen. Dadurch beeinträchtigt er einen Abwehrspieler, der zu spät kommt und den Ball ins eigene Tor lenkt. Der Torhüter wurde zu keiner Zeit behindert, weder in der Sicht noch durch die Aktion des im Abseits stehenden Spielers.Wie entscheidet der Schiedsrichter? Keine Karte
6%
Vor der Ausführung eines Strafstoßes ist ein Angreifer im Rücken des Schiedsrichters vor den Ball gelaufen (also näher als 11 Meter zur Torlinie), allerdings befindet er sich noch außerhalb des Strafraums. Der Torhüter wehrt den Ball seitlich ab und dieser gelangt zu dem Spieler, der nun direkt aufs Tor schießt.Der Schiedsrichter-Assistent hat den Vorgang gesehen und hebt die Fahne. Wie entscheidet der Schiedsrichter? Keine Karte
6%
Freistoß für die Angreifer am Strafraum-Teilkreis. Nach dem Stellen der Mauer mit drei Verteidigern gibt der Schiedsrichter den Ball mit Pfiff frei. Unmittelbar bevor der Schütze den Ball trifft, läuft ein Angreifer näher als einen Meter zu den Verteidigern in der Mauer. Der Ball wird über das Tor geschos-sen. Wie entscheidet der Schiedsrichter? Keine Karte
6%
Ein Angreifer spielt den Ball flach zu einem20 Meter entfernten Mitspieler, der aber im Abseits steht. Etwa fünf Meter vor diesem steht ein Verteidiger, der den Ball unbedrängt stoppen will. Dies misslingt ihm jedoch, und der Ball springt vom Fuß des Verteidigers zum Abseits stehenden Angreifer. Wie entscheidet der Schiedsrichter? Keine Karte
6%
Nachdem der Spieler mit der Nr. 9 der Gastmannschaft im gegnerischen Strafraum durch ein Beinstellen zu Fall gebracht wurde, hat der Schiedsrichter auf Strafstoß entschieden. Der Spieler mit der Nr. 9 wurde auf dem Spielfeld behandelt und möchte im Anschluss an die Behandlung den Strafstoß selbst ausführen. Der Schiedsrichter verweigert ihm dies mit dem Hinweis, dass er aufgrund der Behandlung den Platz verlassen muss. Handelt er richtig? Nein
6%
Nachdem der Spieler mit der Nr. 9 der Gastmannschaft im gegnerischen Strafraum durch ein Beinstellen zu Fall gebracht wurde, hat der Schiedsrichter auf Strafstoß entschieden. Der Spieler mit der Nr. 9 wurde auf dem Spielfeld behandelt und möchte im Anschluss an die Behandlung den Strafstoß selbst ausführen. Der Schiedsrichter verweigert ihm dies mit dem Hinweis, dass er aufgrund der Behandlung den Platz verlassen muss. Handelt er richtig? Nein
6%
Der Torhüter steht im Torraum neben seinem Torpfosten und will sich den zuvor verlorenen Schienbeinschoner wieder in die Stutzen schieben. Als ein Ball auf das Tor fliegt, streckt der Torhüter den Schienbeinschoner Richtung Ball, um diesen zu erreichen, und lenkt damit den Ball, der ansonsten ins Tor gegangen wäre, ins Toraus. Wie entscheidet der Schiedsrichter? Strafstoß
6%
Einen schwach geschossenen Strafstoß wehrt der Torhüter korrekt nach vorne zu einem Mitspieler des Schützen ab, der den Ball zum Torerfolg verwandeln kann. Weil dieser Spieler aber vor der Ausführung deutlich zu früh in den Strafraum eingedrungen war, erkennt der Schiri den Treffer nicht an.Wie und wo ist das Spiel fortzusetzen? Dort, wo der Spieler ins Spiel eingreift
0%
Ein Auswechselspieler des Heimvereins versetzt einem gegnerischen Spieler, der nach einer Behandlung auf seinen Wiedereintritt wartet, einen heftigen Tritt. Der Schiedsrichter unterbricht das Spiel. Welche Strafen muss er nun aussprechen? {Feldverweis} für {Auswechselspieler}
0%
Ein Spieler wechselt während des laufenden Spiels auf eigene Veranlassung seine Schuhe auf dem Spielfeld. Der Schiedsrichter greift nicht ein. Handelt er richtig und wenn ja, welche Verpflichtung hat der Spieler? Was? {Unaufgefordert dem Schiedsrichter zeigen} Wann? {in der nächsten spielunterbrechung}
0%
Keine übereinstimmenden Quizze gefunden
Verteilung der Resultate
Anzahl Personen mit jedem Resultat
Perzentil nach korrekt beantworteten Fragen
Ihre Resultats-Entwicklung
Sie haben dieses Quiz noch nicht gespielt